| 000 | 00497nam a22001697a 4500 | ||
|---|---|---|---|
| 003 | CEME | ||
| 005 | 20210628202556.0 | ||
| 008 | 210119b xxu||||| |||| 00| 0 eng d | ||
| 040 | _cceme | ||
| 082 | _a658.4092 SMI | ||
| 100 |
_aSmith, Perry M _950896 |
||
| 245 | _aTaking charge ,a practical guide for leaders | ||
| 260 |
_aUSA _bPAF BOOK CLUB _c1987 |
||
| 300 | _aXV,261 P | ||
| 650 |
_aLEADERSHIP, DECISION MAKING, COMMUNICATION IN ORGANIZATIONS, COMMAND OF TROOPS _960049 |
||
| 942 |
_cBK _2ddc |
||
| 999 |
_c570253 _d570253 |
||